<?xml version="1.0" encoding="UTF-8"?>
<collection xmlns="http://www.loc.gov/MARC21/slim">
 <record>
  <leader>01877naa a2200253 i 4500</leader>
  <controlfield tag="001">acta76421</controlfield>
  <controlfield tag="005">20220822102333.0</controlfield>
  <controlfield tag="008">220809s2012    hu      o     1||   eng d</controlfield>
  <datafield tag="020" ind1=" " ind2=" ">
   <subfield code="a">978-963-315-066-5</subfield>
  </datafield>
  <datafield tag="040" ind1=" " ind2=" ">
   <subfield code="a">SZTE Egyetemi Kiadványok Repozitórium</subfield>
   <subfield code="b">hun</subfield>
  </datafield>
  <datafield tag="041" ind1=" " ind2=" ">
   <subfield code="a">eng</subfield>
  </datafield>
  <datafield tag="100" ind1="1" ind2=" ">
   <subfield code="a">Macinic Ioan</subfield>
  </datafield>
  <datafield tag="245" ind1="1" ind2="0">
   <subfield code="a">Cadmium level in some tissues and organs from wild boar</subfield>
   <subfield code="h">[elektronikus dokumentum] /</subfield>
   <subfield code="c"> Macinic Ioan</subfield>
  </datafield>
  <datafield tag="260" ind1=" " ind2=" ">
   <subfield code="a">SZAB</subfield>
   <subfield code="b">Szeged</subfield>
   <subfield code="c">2012</subfield>
  </datafield>
  <datafield tag="300" ind1=" " ind2=" ">
   <subfield code="a">193-196</subfield>
  </datafield>
  <datafield tag="490" ind1="0" ind2=" ">
   <subfield code="a">Proceedings of the International Symposium on Analytical and Environmental Problems</subfield>
   <subfield code="v">17</subfield>
  </datafield>
  <datafield tag="520" ind1="3" ind2=" ">
   <subfield code="a">The wild boar (Sus scrofa) is one of the most common species of Romanian wild game. It’s meat is found often on the market and in peoples menu list. One of the most dangerous heavy metals is cadmium. It has several toxic effects on: kidneys, liver, testes, bones [2, 5]. The study was carried out in three different areas regarding the contamination level with heavy metals: Forest District M., Forest District. C and Forest District S. Cadmium concentration was directly correlated with the pollution degree of the three different areas Forest District M. &gt;Forest District C.&gt; Forest District T. Cadmium concentration in wild boar tissues and organs was: in Forest District C. between 0.009 ppm and 0.341 ppm; in Forest District M. between 0.011 ppm and 5.346 ppm and in Forest District T. between 0.007 ppm and 0.123 ppm.</subfield>
  </datafield>
  <datafield tag="650" ind1=" " ind2="4">
   <subfield code="a">Természettudományok</subfield>
  </datafield>
  <datafield tag="650" ind1=" " ind2="4">
   <subfield code="a">Kémiai tudományok</subfield>
  </datafield>
  <datafield tag="695" ind1=" " ind2=" ">
   <subfield code="a">Nehézfémek, Analitikai kémia, Vaddisznó, Kadmium - környezeti kémia</subfield>
  </datafield>
  <datafield tag="700" ind1="0" ind2="1">
   <subfield code="a">Trif Alexandra</subfield>
   <subfield code="e">aut</subfield>
  </datafield>
  <datafield tag="700" ind1="0" ind2="1">
   <subfield code="a">Muselin Florin</subfield>
   <subfield code="e">aut</subfield>
  </datafield>
  <datafield tag="711" ind1=" " ind2=" ">
   <subfield code="a">International Symposium on Analytical and Environmental Problems (17.) (2011) (Szeged)</subfield>
   <subfield code="c">Szeged</subfield>
   <subfield code="d">2011. szeptember 19.</subfield>
  </datafield>
  <datafield tag="856" ind1="4" ind2="0">
   <subfield code="u">http://acta.bibl.u-szeged.hu/76421/1/proceedings_of_isaep_2011_193-196.pdf</subfield>
   <subfield code="z">Dokumentum-elérés </subfield>
  </datafield>
 </record>
</collection>
